| 000 | 00960cam a2200289 a 4500 | ||
|---|---|---|---|
| 001 | 4318771 | ||
| 003 | OSt | ||
| 005 | 20230620102727.0 | ||
| 008 | 870429s1987 enkaf b 001 0deng | ||
| 010 | _a 87136513 | ||
| 020 | _a0710302150 | ||
| 040 |
_aDLC _cDLC _dDLC |
||
| 043 |
_aa-is--- _ama----- _aa-jo--- |
||
| 082 |
_a320.9 _bFAR |
||
| 100 | 2 | _aEl-Farra, Muhammad. | |
| 245 | 1 | 0 |
_aYears of no decision / _cMuhammad El-Farra. |
| 260 |
_aLondon ; _aNew York : _bKPI ; _aNew York, NY, USA : _bDistributed by Methuen, _c1987. |
||
| 300 |
_axi, 222 p., 16 p. of plates : _bill. ; _c24 cm. |
||
| 504 | _aIncludes bibliographical references and index. | ||
| 600 | 2 | 0 | _aEl-Farra, Muhammad. |
| 610 | 2 | 0 |
_aUnited Nations _zPalestine. |
| 650 | 0 | _aArab-Israeli conflict | |
| 650 | 0 |
_aDiplomats _zJordan _vBiography. |
|
| 906 |
_a7 _bcbc _corignew _d3 _encip _f19 _gy-gencatlg |
||
| 942 |
_2ddc _cBK |
||
| 999 |
_c1560 _d1560 |
||